Nursing care of the older adults: theory and practice. (3rd ed.) (Record no. 32201)

MARC details
000 -LEADER
fixed length control field 00680nam a2200181 a 4500
008 - FIXED-LENGTH DATA ELEMENTS--GENERAL INFORMATION
fixed length control field 111014s1999 ||||||||||||||||| || u
020 ## - INTERNATIONAL STANDARD BOOK NUMBER
International Standard Book Number 0781716233
050 ## - LIBRARY OF CONGRESS CALL NUMBER
Classification number RC 954 Mil
100 ## - MAIN ENTRY--PERSONAL NAME
Personal name Miller, Carol A
245 10 - TITLE STATEMENT
Title Nursing care of the older adults: theory and practice. (3rd ed.)
250 ## - EDITION STATEMENT
Edition statement 3rd ed.
260 ## - PUBLICATION, DISTRIBUTION, ETC.
Place of publication, distribution, etc. Philadelphia:
Name of publisher, distributor, etc. Lippincott
Date of publication, distribution, etc. 1999
300 ## - PHYSICAL DESCRIPTION
Extent xix, 724p. : ill.
350 ## -
-- 0.00
650 #0 - SUBJECT ADDED ENTRY--TOPICAL TERM
Topical term or geographic name entry element GERIATRIC NURSING
650 ## - SUBJECT ADDED ENTRY--TOPICAL TERM
Topical term or geographic name entry element NURSING--HANDBOOKS, MANUALS, ETC
995 ## -
-- MEDICAL LIBRARY OPEN ACCESS
-- 0.00
-- 900078
-- CBU-SCHOOL OF MEDICINE LIBRARY (Ndola)
-- 1
-- 0.00
-- RC 954 MIL
-- 1
-- AVAILABLE
-- Oct 14, 2011
-- 900078
-- Medical Library Open Access Collection
999 ## -
-- 32201
-- 32201
Holdings
Withdrawn status Lost status Source of classification or shelving scheme Damaged status Not for loan Permanent Location Current Location Shelving location Date acquired Total Checkouts Full call number Barcode Date last seen Price effective from Koha item type
          CBU-SCHOOL OF MEDICINE LIBRARY, NDOLA. CBU-SCHOOL OF MEDICINE LIBRARY, NDOLA.   11/30/2022   RC 954 Mil 900078 11/30/2022 11/30/2022 MONOGRAPH